Wszystkie miasta - Powiat Tarnowski - Statystyki

Ogólne statystyki
  • Ten quiz został rozwiązany 168 razy
  • Średni wynik to 5 z 7
Statystyki odpowiedzi
Liczba mieszkańów: Miasto: % Poprawnych
6239 Tuchów
84%
4200 Żabno
84%
3104 Wojnicz
70%
1583 Zakliczyn
67%
2487 Ciężkowice
66%
2671 Radłów
59%
2836 Ryglice
59%
Nie znaleziono quizów pasujących do podanych kryteriów
Rozkład punktacji
Procent ludzi z każdym wynikiem
Percentyl według liczby udzielonych odpowiedzi
Twoja historia wyników
Nie rozwiązałeś tego quizu